Efektívnosť investícií a racionalizačných opatrení v železničnej doprave
Guardado en:
| Autor principal: | |
|---|---|
| Formato: | Libro |
| Lenguaje: | eslovaco |
| Publicado: |
Bratislava
Alfa
1978
|
| Colección: | Edícia ekonomickej literatúry
|
| Etiquetas: |
Sin Etiquetas, Sea el primero en etiquetar este registro!
|
MARC
| LEADER | 00000nam a2200000 4500 | ||
|---|---|---|---|
| 001 | c119507 | ||
| 005 | 20041019155214.3 | ||
| 041 | 0 | |a slo | |
| 044 | |a SK | ||
| 245 | 1 | 0 | |a Efektívnosť investícií a racionalizačných opatrení v železničnej doprave |c Bohumil Řezníček |
| 264 | 1 | |a Bratislava |b Alfa |c 1978 | |
| 300 | |a 234 s. | ||
| 490 | 1 | |a Edícia ekonomickej literatúry | |
| 830 | 0 | |a Edícia ekonomickej literatúry | |
| 100 | 1 | |a Řezníček, Bohumil | |